00000000cas 2200000zi 4500
0019.907963
003CaOODSP
00520260417093711
006m     o  d f      
007cr cn ||||||||
008220209c20239999bccar p o    f0   b0fre|d
022 |a2816-2676
040 |aCaOODSP|bfre|erda|cCaOODSP
043 |an-cn-bc
0861 |aIu97-1/1F-PDF
1101 |aCanada. |bDéveloppement économique Canada pour le Pacifique, |eauteur, |eorganisme de publication.
222 0|aPlan ministériel |b(Canada. Développement économique Canada pour le Pacifique)
24510|aPlan ministériel / |cDéveloppement économique Canada pour le Pacifique.
264 1|aVancouver (C.-B.) : |bDéveloppement économique Canada pour le Pacifique, |c[2022]-
310 |aAnnuel
336 |atexte|btxt|2rdacontent/fre
337 |ainformatique|bc|2rdamedia/fre
338 |aressource en ligne|bcr|2rdacarrier/fre
3621 |aParaît depuis : 2022/2023.
500 |aPublié aussi en anglais sous le titre : Departmental plan.
588 |aDescription d'après : 2022/2023; titre de la page couverture du fichier PDF.
588 |aDernière livraison consultée : 2024/2025.
61016|aCanada. |bDéveloppement économique Canada pour le Pacifique|xCrédits budgétaires et dépenses|vPériodiques.
650 6|aDépenses publiques|vPériodiques.
655 7|aPériodiques|2rvmgf
77508|tDepartmental plan / |w(CaOODSP)9.907962
78000|tPlan ministériel |w(CaOODSP)9.828654